| Tag |
First Indicator |
Second Indicator |
Subfields |
| LEADER |
00000nam a2200000Ia 4500 |
| 001 |
in00004241913 |
| 005 |
20200807091644.0 |
| 006 |
m g d |
| 007 |
cr bn |||a|bb| |
| 008 |
840105s1645 enk o 00| | eng d |
| 035 |
|
|
|a (OCoLC)10268475
|
| 040 |
|
|
|a UMI
|c UMI
|d WaOLN
|
| 037 |
|
|
|a CL0037000047
|b ProQuest Information and Learning. 300 N. Zeeb Rd., Ann Arbor, MI 48106
|
| 043 |
|
|
|a e-uk---
|
| 045 |
2 |
|
|b d1642
|b d1649
|
| 049 |
|
|
|a UMIA
|
| 090 |
|
|
|a DA410
|b .E53
|
| 110 |
1 |
|
|a England and Wales.
|b Parliament.
|
| 245 |
1 |
0 |
|a Die Martis, 23 Sept., 1645 :
|b a declaration of the Lords and Commons assembled in Parliament, concerning prisoners in the Island of Iersey.
|
| 260 |
|
|
|a London :
|b Printed for John Wright,
|c 1645.
|
| 300 |
|
|
|a 1 online resource (1 broadside.
|
| 336 |
|
|
|a text
|b txt
|2 rdacontent
|
| 337 |
|
|
|a computer
|b c
|2 rdamedia
|
| 338 |
|
|
|a online resource
|b cr
|2 rdacarrier
|
| 500 |
|
|
|a "Die Martis 23. Septemb. 1645. Ordered by the Lords assembled in Parliament that this declaration be forthwith printed and published. Ioh. Brown Cler. Parliamentoram."
|
| 500 |
|
|
|a Reproduction of original in the Huntington Library.
|
| 510 |
4 |
|
|a Wing
|c E1378.
|
| 533 |
|
|
|a Electronic reproduction.
|b Ann Arbor, Mich. :
|c UMI,
|d 1999-
|f (Early English books online)
|n Digital version of: (Early English books, 1641-1700 ; 1382:16)
|7 s1999 miun s
|
| 651 |
|
0 |
|a Great Britain
|x History
|y Civil War, 1642-1649.
|
| 740 |
0 |
|
|a Declaration of the Lords and Commons assembled in Parliament concerning prisoners in the Island of Iersey.
|
| 830 |
|
0 |
|a Early English books online.
|
| 856 |
4 |
0 |
|u http://proxy.library.tamu.edu/login?url=https://search.proquest.com/docview/2240942369
|z Connect to the full text of this electronic book
|t 0
|
| 999 |
f |
f |
|s 2b570fcc-54ae-3d02-b571-59a599c96885
|i b883a7d6-41f3-3a99-bb52-96a5244f6d17
|t 0
|
| 952 |
f |
f |
|a Texas A&M University
|b College Station
|c Electronic Resources
|d Available Online
|t 0
|e DA410 .E53
|h Library of Congress classification
|
| 998 |
f |
f |
|a DA410 .E53
|t 0
|l Available Online
|